000 00917nam a22002297a 4500
999 _c14174
_d14174
003 AR-CdUCM
008 190422b ||||| |||| 00| 0 spa d
040 _aMUNICIPALIDAD PROVINCIAL DEL CUSCO
_cBIBLIOTECA MUNICIPAL DEL CUSCO
082 _23ed.
_a869.5038 /
_bS88
100 _aSueldo Guevara, Rubén
_96569
245 _aNarradores cusqueños :
_bestudio preliminar, antología y notas /
260 _aLima :
_bStudium,
_c1984.
300 _a294 paginas :
_c21 cm.
500 _aDedicatoria
505 _aContenido :La narración cusqueña de la tradición oral -- Inca Garcilaso de la Vega -- Primera fundación de la ciudad del Cusco -- Las misiones de Fray Jose de San Antonio -- Ollantay...
650 _aAutores Peruanos
_9731
650 _aPoetas cusqueños
_95956
650 _aNarraciones Peruanas
_915539
650 _aNarradores cusqueños
_931142
942 _2ddc
_cLIBROS
945 _awnts
_d2019-04-22